Statistics for NFL Hall of Famers who were inducted posthumously

Click here to take the quiz!

General Stats

  • This quiz has been taken 7 times
  • The average score is 7 of 36

Answer Stats

Year DiedYear InductedPos.Inductee% Correct
20002009LBDerrick Thomas
80%
20152016QBKen Stabler
80%
20122015LBJunior Seau
60%
20042006DEReggie White
60%
20122020NFL Films Co-FounderSteve Sabol
60%
20192022WRCliff Branch
40%
20102023HCDon Coryell
40%
19701971HCVince Lombardi
40%
19822005QBBenny Friedman
20%
19591963COMBert Bell
20%
20022009WRBob Hayes
20%
19862005RBFritz Pollard
20%
19902002HCGeorge Allen
20%
20012020GMGeorge Young
20%
19531963RBJim Thorpe
20%
20202023CBKen Riley
20%
19932020ENDMac Speedie
20%
20052022LBSam Mills
20%
19641966OTSteve Owen
20%
19591963OWNTim Mara
20%
20122020DTAlex Karras
0%
19471971DEBill Hewitt
0%
20142021SCOUTBill Nunn
0%
20192020SBobby Dillon
0%
19471967OWNCharles Bidwill
0%
20152016OGDick Stanfel
0%
19662020OTDuke Slater
0%
20142020ENDEd Sprinkle
0%
19771995DTHenry Jordan
0%
19561966ADVHugh Ray
0%
19941995ADMJim Finks
0%
19391963OWNJoseph Carr
0%
19721976DELen Ford
0%
20102011LBLes Ritcher
0%
19521964OTPete Henry
0%
19621966OGWalt Kiesling
0%

Score Distribution

Percentile by Number Answered

Percent of People with Each Score

Your Score History

You have not taken this quiz